00535nam a22001457a 450000500170000002000260001703500140004303700220005708200080007910000180008724501860010526000380029127000380032930000220036720170421145333.0 a9789352036592c235.00 aB-6674449 bBookwell/Venadpl a510 aRastogi, Amit00aHandbook key notes terms definitions formulae Mathematics :cby Amit Rastogibhighly important for class XI and XII students, engineering entrances and other competition aspirants / aMeerutbArihant Prakashanc(201?) aKalindi, TP NagarbMeerute250002 a492p. c22cm(pbk)